|
|
|
|
| LEADER |
00764nab a2200193 i 4500 |
| 001 |
univ13880 |
| 005 |
20241025122950.0 |
| 008 |
180131s1976 hu o 000 hun d |
| 022 |
|
|
|a 0230-791X
|
| 040 |
|
|
|a SZTE UnivHistória Repozitórium
|b hun
|
| 041 |
|
|
|a hun
|
| 100 |
1 |
|
|a Domonkos László
|
| 245 |
1 |
0 |
|a Egy kollégium tíz évéről
|h [elektronikus dokumentum] /
|c Domonkos László
|
| 260 |
|
|
|c 1976
|
| 300 |
|
|
|a 2
|
| 490 |
0 |
|
|a Szegedi Egyetem
|v 14 No. 5
|
| 561 |
|
|
|a Egyetemi, hallgatói élet
|
| 695 |
|
|
|a Móra Ferenc Kollégium, Avató ünnepség - kiváló kollégium, József Attila Tudományegyetem, Vörös Lászlóné - kollégiumigazgató, Kollégiumi élet - Szeged
|
| 856 |
4 |
0 |
|u http://univ.bibl.u-szeged.hu/13880/1/sze_1976_005_002.pdf
|z Dokumentum-elérés
|